| 000 | 00761nam a2200241Ia 4500 | ||
|---|---|---|---|
| 001 | 17673 | ||
| 003 | GE_BSU | ||
| 008 | 181216s||||||||xx |||||||||||||| ||und|| | ||
| 040 | _cGE_BSU | ||
| 080 | _a821.353.1-32 | ||
| 100 | _aასკურავა,დავით | ||
| 245 | _aდაპირება | ||
| 245 | _bმოთხრობები | ||
| 245 | _cრედ.:ქ.კვინტრაძე;მხატვ.:დ.დუნდუა | ||
| 250 | _aმეორე გამოცემა | ||
| 260 | _aთბილისი | ||
| 260 | _bსაბჭ.საქართველო | ||
| 260 | _c1988 | ||
| 300 | _a245 გვ. ; 20 სმ | ||
| 300 | _e1ფ.პორტრ. | ||
| 653 | _aმოთხრობები | ||
| 942 | _cBK | ||
| 999 |
_c50721 _d50721 |
||